Proceedings (Record no. 341110)
[ view plain ]
| 000 -LEADER | |
|---|---|
| fixed length control field | 00439cam a22001337a 4500 |
| 008 - FIXED-LENGTH DATA ELEMENTS--GENERAL INFORMATION | |
| fixed length control field | 180718b1979 xxu||||| |||| 00| 0 eng d |
| 082 ## - DEWEY DECIMAL CLASSIFICATION NUMBER | |
| Classification number | Y9x54 A151a |
| 100 ## - MAIN ENTRY--PERSONAL NAME | |
| Personal name | All India Symposium on Drought Prone Areas of India |
| 245 ## - TITLE STATEMENT | |
| Title | Proceedings |
| Statement of responsibility, etc. | by All India Sympopsium on Drought Prone Areas of Idnia |
| 260 ## - PUBLICATION, DISTRIBUTION, ETC. | |
| Place of publication, distribution, etc. | Tirupati |
| Name of publisher, distributor, etc. | Rayalaseema Geographical Society |
| Date of publication, distribution, etc. | 1979 |
| 300 ## - PHYSICAL DESCRIPTION | |
| Extent | 519p. |
| 650 ## - SUBJECT ADDED ENTRY--TOPICAL TERM | |
| Topical term or geographic name entry element | Drought-India |
| 700 ## - ADDED ENTRY--PERSONAL NAME | |
| Personal name | Reddy, N. B. K. |
No items available.
